Denny Hamlin / (Record no. 17704)

MARC details
000 -LEADER
fixed length control field 01105cam a2200325 a 4500
001 - CONTROL NUMBER
control field sjds15092641
003 - CONTROL NUMBER IDENTIFIER
control field sjds
005 - DATE AND TIME OF LATEST TRANSACTION
control field 20170624110701.0
008 - FIXED-LENGTH DATA ELEMENTS--GENERAL INFORMATION
fixed length control field 071126s2008 nyua j b 001 0beng
010 ## - LIBRARY OF CONGRESS CONTROL NUMBER
LC control number 2007282104
020 ## - INTERNATIONAL STANDARD BOOK NUMBER
International Standard Book Number 9781404276444 (lib. bdg.)
020 ## - INTERNATIONAL STANDARD BOOK NUMBER
International Standard Book Number 1404276440 (lib. bdg.)
040 ## - CATALOGING SOURCE
Original cataloging agency DLC
Transcribing agency DLC
Modifying agency DLC
041 0# - LANGUAGE CODE
Language code of text/sound track or separate title eng
-- spa
043 ## - GEOGRAPHIC AREA CODE
Geographic area code n-us---
050 00 - LIBRARY OF CONGRESS CALL NUMBER
Classification number GV1032.H24
Item number D39 2008a
082 00 - DEWEY DECIMAL CLASSIFICATION NUMBER
Classification number 796.7272092
-- B
Edition number 22
100 1# - MAIN ENTRY--PERSONAL NAME
Personal name Dayton, Connor.
245 10 - TITLE STATEMENT
Title Denny Hamlin /
Statement of responsibility, etc. Connor Dayton ; traducción al español, Eduardo Alamán.
250 ## - EDITION STATEMENT
Edition statement 1st ed., Bilingual ed.
260 ## - PUBLICATION, DISTRIBUTION, ETC. (IMPRINT)
Place of publication, distribution, etc. New York :
Name of publisher, distributor, etc. PowerKids Press:
-- Editorial Buenas Letras,
Date of publication, distribution, etc. 2008.
300 ## - PHYSICAL DESCRIPTION
Extent 24 p. :
Other physical details col. ill. ;
Dimensions 19 cm.
490 0# - SERIES STATEMENT
Series statement NASCAR champions
504 ## - BIBLIOGRAPHY, ETC. NOTE
Bibliography, etc Includes bibliographical references and index.
546 ## - LANGUAGE NOTE
Language note English and Spanish.
600 10 - SUBJECT ADDED ENTRY--PERSONAL NAME
Personal name Hamlin, Denny,
Dates associated with a name 1980-
Form subdivision Juvenile literature.
650 #0 - SUBJECT ADDED ENTRY--TOPICAL TERM
Topical term or geographic name as entry element Stock car drivers
Geographic subdivision United States
Form subdivision Biography
-- Juvenile literature.
942 ## - ADDED ENTRY ELEMENTS (KOHA)
Koha item type Libro/Book
Holdings
Withdrawn status Lost status Source of classification or shelving scheme Damaged status Not for loan Home library Current library Date acquired Total Checkouts Full call number Barcode Date last seen Price effective from Koha item type
    Dewey Decimal Classification     Genizero -- Satellite Genizero -- Satellite 24/06/2017   796.7272092 35601545 24/06/2017 24/06/2017 Libro/Book

Powered by Koha